00376nam a22001217a 450000500170000002000230001703500130004003700130005310000160006624501060008226000390018830000270022720120228152111.0 a8178440253c750.00 aB-120030 aDPLbENG aBhatt, R.K. aUNESCO :bDevelopment of libraries and documentation centres in developing countries /cby R.K. Bhatt aNew DelhibK.K. Publicationsc2004 avarious pagesc20 cms.